Szczegóły MARC21

Duden-Oxford Grosswörterbuch Englisch : englisch-deutsch, deutsch-englisch /

005 -DATA I CZAS OSTATNIEJ MODYFIKACJI [,]
    • @
    • pole kontrolne
    • 20070315155141.9
020 -Międzynarod. znormalizowany nr książki - ISBN [ , ]
    • a
    • Numer ISBN
    • 341102075X Find
040 -Instytucja sporządzająca opis [ , ]
    • a
    • Instytucja, która sporządziła opis (NP)
    • SZCZ U
    • c
    • Instytucja, która sporządziła rekord (NP)
    • SZCZ U
942 -Rodzaj dokumentu [ , ]
    • c
    • Rodzaj dokumentu
    • Książka
245 -Strefa tytułu i oznaczenia odpowiedzialności [0, ]
    • a
    • Tytuł
    • Duden-Oxford Grosswörterbuch Englisch : Find
    • b
    • Ciąg dalszy tytułu (NP)
    • englisch-deutsch, deutsch-englisch / Find
    • c
    • Pozostałe elementy strefy tytułu i oznaczenia odpowiedzialności (NP)
    • hrsg. von der Dudenredaktion und Oxford Univ. Press ; Red. Leitung Werner Scholze-Stubenrecht, John Sykes.
260 -Strefa adresu wydawniczego [ , ]
    • a
    • Miejsce wydania (P)
    • Zürich :
    • b
    • Nazwa wydawcy (P)
    • Dudenverl.,
    • c
    • Data wydania (P)
    • 1990.
300 -Strefa opisu fizycznego [ , ]
    • a
    • Określenie formy książki i/lub objętość (NP)
    • 1696 s. :
    • c
    • Format (NP)
    • 25 cm.
500 -Uwaga ogólna [ , ]
    • a
    • Uwaga ogólna (NP)
    • Tekst w jęz. ang. i niem
080 -Uniwersalna Klasyfikacja Dziesiętna [ , ]
    • a
    • Symbol klasyfikacji
    • 803.0=30=20
080 -Uniwersalna Klasyfikacja Dziesiętna [ , ]
    • a
    • Symbol klasyfikacji
    • :802.0=30=20
980 -Symbol UKD [ , ]
    • a
    • UKD
    • 803.0:802.0]=30=20
700 -Hasło dodatkowe - nazwa osobowa [ , ]
    • a
    • Nazwa osobowa (NP)
    • Scholze Stubenrecht Werner Find
700 -Hasło dodatkowe - nazwa osobowa [ , ]
    • a
    • Nazwa osobowa (NP)
    • Sykes John Find
920 -ISBN [ , ]
    • a
    • ISBN
    • 3-411-02075-X Find
Status udost. Numer inwentarzowy Data inwentaryzacji Lokalizacja
-2S.874842001-01-11BE